Столетие безумно и мудро
| Autor principal: | |
|---|---|
| Sumari: | Книга посвящена XVIII столетию, «безумному и мудрому», как отозвался о нем русский мыслитель А. Н, Радищев, Действительно, с одной стороны, умные, прогрессивные реформы Петра I и Екатерины II, оказавшие позитивное влияние на все сферы жизни государства и общества и поставившие Россию вровень со странами Западной Европы; с другой — ничтожные и бездарные монархи и монархини, пекущиеся не о благе страны и народа, а лишь об удовлетворении собственных прихотей. Получили освещение происходившие в то время события в России, а также связанные с ними проблемы: экономика и политика, дворцовые перевороты, войны и торговля, культура и быт. Автор, известный ученый, изложил свой взгляд на историю России XVIII века, соответствующий представлениям о ней современной исторической науки. Для студентов и преподавателей гуманитарных вузов и всех, кто интересуется прошлым нашей страны. |
| Idioma: | rus |
| Publicat: |
Москва, Дрофа, 2010
|
| Matèries: |
Петр Великий
> I
> 1672-1725
> российский царь из династии Романовых (1682-1725)
> первый российский император
Екатерина Великая
> II
> 1729-1796
> российская императрица (1762-1796)
> урожденная принцесса Софья Фредерика Августа Ангальт-Цербстская
Екатерина
> I
> 1684-1727
> урожденная Марта Самуиловна Скавронская
> российская императрица (1725-1727)
Анна Ивановна
> 1693-1740
> российская императрица из династии Романовых (1730-1740)
> дочь царя Ивана V, племянница Петра I, герцогиня Курляндская с 1710 г.
Елизавета Петровна
> 1709-1761/1762
> российская императрица из династии Романовых (1741-1762)
> дочь Петра I
|
| Format: | Llibre |
| KOHA link: | https://koha.lib.tpu.ru/cgi-bin/koha/opac-detail.pl?biblionumber=187924 |
MARC
| LEADER | 00000nam0a2200000 4500 | ||
|---|---|---|---|
| 001 | 187924 | ||
| 005 | 20231101224111.0 | ||
| 010 | |a 9785358074798 | ||
| 035 | |a (RuTPU)RU\TPU\book\203916 | ||
| 090 | |a 187924 | ||
| 100 | |a 20101124d2010 km y0rusy50 ca | ||
| 101 | 0 | |a rus | |
| 102 | |a RU | ||
| 105 | |a a z 000zd | ||
| 200 | 1 | |a Столетие безумно и мудро |f Н. И. Павленко | |
| 210 | |a Москва |c Дрофа |d 2010 | ||
| 215 | |a 366 с. |c ил. | ||
| 330 | |a Книга посвящена XVIII столетию, «безумному и мудрому», как отозвался о нем русский мыслитель А. Н, Радищев, Действительно, с одной стороны, умные, прогрессивные реформы Петра I и Екатерины II, оказавшие позитивное влияние на все сферы жизни государства и общества и поставившие Россию вровень со странами Западной Европы; с другой — ничтожные и бездарные монархи и монархини, пекущиеся не о благе страны и народа, а лишь об удовлетворении собственных прихотей. Получили освещение происходившие в то время события в России, а также связанные с ними проблемы: экономика и политика, дворцовые перевороты, войны и торговля, культура и быт. Автор, известный ученый, изложил свой взгляд на историю России XVIII века, соответствующий представлениям о ней современной исторической науки. Для студентов и преподавателей гуманитарных вузов и всех, кто интересуется прошлым нашей страны. | ||
| 600 | 0 | |a Петр Великий |d I |f 1672-1725 |c российский царь из династии Романовых (1682-1725) |c первый российский император |2 stltpush |3 (RuTPU)RU\TPU\pers\365 | |
| 600 | 0 | |a Екатерина Великая |d II |f 1729-1796 |c российская императрица (1762-1796) |c урожденная принцесса Софья Фредерика Августа Ангальт-Цербстская |2 stltpush |3 (RuTPU)RU\TPU\pers\98 | |
| 600 | 0 | |a Екатерина |d I |f 1684-1727 |c урожденная Марта Самуиловна Скавронская |c российская императрица (1725-1727) |2 stltpush |3 (RuTPU)RU\TPU\pers\123 | |
| 600 | 0 | |a Анна Ивановна |f 1693-1740 |c российская императрица из династии Романовых (1730-1740) |c дочь царя Ивана V, племянница Петра I, герцогиня Курляндская с 1710 г. |2 stltpush |3 (RuTPU)RU\TPU\pers\6871 | |
| 600 | 0 | |a Елизавета Петровна |f 1709-1761/1762 |c российская императрица из династии Романовых (1741-1762) |c дочь Петра I |2 stltpush |3 (RuTPU)RU\TPU\pers\6024 | |
| 600 | 0 | |a Петр |d III |c российский император из династии Романовых (1761-1762) |f 1728-1762 |c немецкий принц Карл Петр Ульрих |c внук Петра I |2 stltpush |3 (RuTPU)RU\TPU\pers\364 | |
| 606 | 1 | |a Россия |x История |z кон. 17-18 вв. |2 stltpush |3 (RuTPU)RU\TPU\subj\65180 |9 81797 | |
| 610 | 1 | |a 18 век | |
| 610 | 1 | |a европеизация | |
| 610 | 1 | |a войны | |
| 610 | 1 | |a Северная война | |
| 610 | 1 | |a законодательство | |
| 610 | 1 | |a торгово-промышленная политика | |
| 610 | 1 | |a религия | |
| 610 | 1 | |a церковь | |
| 610 | 1 | |a культура | |
| 610 | 1 | |a быт | |
| 686 | |a Т3(2)51 |2 rubbk | ||
| 700 | 1 | |a Павленко |b Н. И. |g Николай Иванович | |
| 801 | 1 | |a RU |b 63413507 |c 20101124 | |
| 801 | 2 | |a RU |b 63413507 |c 20110505 |g RCR | |
| 942 | |c BK | ||
| 959 | |a 86/20101115 |d 1 |e 0 |f ЧЗГЛ:1 | ||